000 00655 a2200253 4500
003 DLC
005 20260330101730.0
008 2025s2025 xx 000 0 eng d
020 _a9781975236151
040 _aDLC
_beng
050 4 _aRJ245 .K95 2025
082 0 4 _a618.92
100 1 _aKyle, Terri
_eauthor.
245 1 0 _aEssentials of pediatric nursing
_cKyle, Terri.
250 _a5th ed.
264 1 _bLippincott Williams & Wilkins
_c2025
300 _axxvi, 1542p. : ill.
336 _2CC
338 _2CC
650 0 _aPediatric nursing
650 0 _aChildren--Diseases--Nursing
650 0 _aInfants--Diseases--Nursing
942 _2lcc
_cBK
999 _c44199
_d44199